Manual de dibujo arquitectónico

Gardado en:
Detalles Bibliográficos
Autor Principal: Ching, Francis D. K (Author)
Formato: Libro
Idioma:Lingua castelá
Publicado: Ciudad de México Gustavo Gili 2003
Edición:3a. ed
Subjects:
Tags: Engadir etiqueta
Sen Etiquetas, Sexa o primeiro en etiquetar este rexistro!

MARC

LEADER 00000nam a2200000 a 4500
001 UCK2054
003 CL-VaPUC
008 041217e20030000MX |||||||||||||||||spa|d
020 |a 9688873640 
082 0 4 |a 720.284  |b CHI  |2 21 
100 0 |a Ching, Francis D. K  |e author  |9 489868 
245 1 0 |a Manual de dibujo arquitectónico 
250 |a 3a. ed 
300 |a 178 p 
942 |c BK 
945 |d 20041217 00:00:00  |a vberengu 
260 |a Ciudad de México  |b Gustavo Gili  |c 2003 
650 0 |a Arquitectura  |9 804558 
650 0 |a Dibujo arquitectónico  |9 266673 
583 |a last modification  |c 20041217 00:00:00  |k Rodrigo Vera 
999 |c 311714  |d 311712 
952 |0 0  |1 0  |4 0  |6 720_284000000000000_CHI_2003  |7 0  |8 A  |9 381308  |a BIBARQ  |b BIBARQ  |d 2019-11-21  |i 408621K  |l 4  |m 1  |o 720.284 CHI 2003  |p 408621K  |r 2025-05-05  |s 2025-04-14  |w 2019-11-21  |y BK  |k ARQ